| 000 | 00749 a2200205 4500 | ||
|---|---|---|---|
| 999 |
_c8907 _d8907 |
||
| 020 | _a9780797465220 | ||
| 050 | 0 | 0 | _aKH 120.6 MUC 2017 |
| 100 | 1 |
_aMucheche, Caleb H. _eauthor |
|
| 245 | 1 | 0 |
_aCompany law in Zimbabwe commentary and legal solutions for insolvent companies in South Africa / _cCaleb H. Mucheche |
| 250 | _a1st ed. | ||
| 264 | 1 |
_aHarare, Zimbabwe : _bZimlaw Trust, African Legal Resources Dominion, _c2017 |
|
| 300 | _a267p ; | ||
| 500 | _aIncludes bibliographical references | ||
| 504 | _aIncludes bibliographical references | ||
| 650 | 0 | _aCorporation law | |
| 650 | 0 | _aBankruptcy | |
| 650 | 0 |
_aCorporate reorganizations _xLaw and legislation |
|
| 710 | 1 | 2 |
_aZimbabwe. _tCompanies Act. |
| 942 |
_2lcc _cBK _e1st ed. _h120.6 _iMUC _kKH |
||